Industrial Electronics: (Record no. 36396)

MARC details
000 -LEADER
fixed length control field 00557nam a22001817a 4500
005 - DATE AND TIME OF LATEST TRANSACTION
control field 20240813121359.0
008 - FIXED-LENGTH DATA ELEMENTS--GENERAL INFORMATION
fixed length control field 240813b |||||||| |||| 00| 0 eng d
020 ## - INTERNATIONAL STANDARD BOOK NUMBER
ISBN 978-81-2032260-8
082 ## - DEWEY DECIMAL CLASSIFICATION NUMBER
Classification number 621.34
Item number KIS-I
100 ## - MAIN ENTRY--AUTHOR
Author Name Kissell, Thomas. E
245 ## - TITLE STATEMENT
Title Industrial Electronics:
Remainder of title applications for programmable controllers/
Statement of responsibility, etc. by Thomas E. Kissell
250 ## - EDITION STATEMENT
Edition statement 3rd ed.
260 ## - PUBLICATION, DISTRIBUTION, ETC.
Place of Publication India :
Name of publisher, distributor, etc. PHI Learning Pvt Ltd ;
Date of publication, distribution, etc. 2003
300 ## - PHYSICAL DESCRIPTION
Pages xxiv, 904 p. :
500 ## - GENERAL NOTE
General note Include Index.
650 ## - SUBJECT ADDED ENTRY--TOPICAL TERM
Subject / Department Electrical/Engineering
300 ## - PHYSICAL DESCRIPTION
-- ill ;
-- 25 cm.
952 ## - LOCATION AND ITEM INFORMATION (KOHA)
-- 0
-- 0
952 ## - LOCATION AND ITEM INFORMATION (KOHA)
-- 0
-- 0
952 ## - LOCATION AND ITEM INFORMATION (KOHA)
-- 0
-- 0
952 ## - LOCATION AND ITEM INFORMATION (KOHA)
-- 0
-- 0
952 ## - LOCATION AND ITEM INFORMATION (KOHA)
-- 0
-- 0
Holdings
Lost status Damaged status Collection code Permanent Location Current Location Shelving Location Date acquired Full Call Number Accession No./Barcode Date last seen Copy number item type Koha item type
    Engineering Superior Information Resource Center (SIRC) Superior University- Main Campus Superior Information Resource Center (SIRC) Superior University- Main Campus Electrical 08/13/2024 621.34 KIS-I 2009 7763 08/13/2024 1 BOOK BOOK
    Engineering Superior Information Resource Center (SIRC) Superior University- Main Campus Superior Information Resource Center (SIRC) Superior University- Main Campus Electrical 08/13/2024 621.34 KIS-I 2009 7765 08/13/2024 2 BOOK BOOK
    Engineering Superior Information Resource Center (SIRC) Superior University- Main Campus Superior Information Resource Center (SIRC) Superior University- Main Campus Electrical 08/13/2024 621.34 KIS-I 2009 7766 08/13/2024 3 BOOK BOOK
    Engineering Superior Information Resource Center (SIRC) Superior University- Main Campus Superior Information Resource Center (SIRC) Superior University- Main Campus Electrical 08/13/2024 621.34 KIS-I 2009 7767 08/13/2024 4 BOOK BOOK
    Engineering Superior Information Resource Center (SIRC) Superior University- Main Campus Superior Information Resource Center (SIRC) Superior University- Main Campus Electrical 08/13/2024 621.34 KIS-I 2009 8414 08/13/2024 5 BOOK BOOK

Powered by Koha